| 000 | 00925cam a2200277 a 4500 | ||
|---|---|---|---|
| 001 | 2540705 | ||
| 003 | NUST - PNEC | ||
| 005 | 20170116181105.0 | ||
| 008 | 940310s1995 nyua b 001 0 eng | ||
| 010 | _a 94010701 | ||
| 020 | _a0071002774 | ||
| 020 | _a0070512337 | ||
| 040 | _cLIBRARY | ||
| 082 | 0 | 0 | _a629.83 RAV |
| 100 | 1 |
_aRaven, Francis H. _q(Francis Harvey), _d1928- |
|
| 245 | 1 | 0 |
_aAutomatic control engineering / _cFrancis H. Raven. |
| 250 | _a4th ed. | ||
| 260 |
_aNew York : _bMcGraw-Hill, _cc1987. |
||
| 300 |
_bill. ; _c25 cm. |
||
| 440 | 0 | _aMcGraw-Hill series in mechanical engineering | |
| 504 | _aIncludes bibliographical references and index. | ||
| 650 | 0 |
_aAutomatic control. _xME |
|
| 906 |
_a7 _bcbc _corignew _d1 _eocip _f19 _gy-gencatlg |
||
| 942 |
_2ddc _cBK |
||
| 999 |
_c68913 _d68913 |
||